• 首页
  • 本馆介绍
  • 公告通知
  • 最新文献
  • 馆藏检索
  • 电子资源
  • 读者导购
  • 参考咨询
  • 我的图书馆
  • 登录
  • 详细信息显示
  • 放入我的书架
  • 预约/预借图书
  • 作者相关作品
  • 分类相关作品
  • 丛书相关作品
  • 出版社相关作品

书目信息

  • 表格格式
  • 工作单格式
  • 卡片格式
题名:
生物化工新产品与新技术开发指南
    
 
作者: 戎志梅 编著
分册:  
出版信息: 北京   化学工业出版社  2004
页数: 550页
开本: 26cm
丛书名:
单 册:
中图分类: TQ072
科图分类:
主题词: 生物制品--化工产品--技术开发 , 生物制品 , 化工产品 , 技术开发
电子资源:
ISBN: 7-5025-5238-3
000 00866nam0 2200277 450
001 002638169
005 20080225095344.31
010    @a7-5025-5238-3@dCNY78.00
100    @a20040509d2004 em y0chiy0110 ea
101 0  @achi
102    @aCN@b110000
105    @ay z 000yy
106    @ar
200 1  @a生物化工新产品与新技术开发指南@Asheng wu hua gong xin chan pin yu xin ji shu kai fa zhi nan@f戎志梅编著
205    @a2版
210    @a北京@c化学工业出版社@d2004
215    @a550页@d26cm
330    @a本书主要内容包括:氨基酸;有机酸;酶制剂;有机化工原料与产品;生物农药;医药及医药中间体;甜味剂及糖醇等。
606 0  @a生物制品@x化工产品@x技术开发
606 0  @a生物制品
606 0  @a化工产品
606 0  @a技术开发
690    @aTQ072@v4
701  0 @a戎志梅@Arong zhi mei@c(生物化工)@4编著
801  0 @aCN@bNLC@c20080225
905    @dTQ072@e170=2@f4
    
    生物化工新产品与新技术开发指南/戎志梅编著.-2版.-北京:化学工业出版社,2004
    550页;26cm
    
    
    ISBN 7-5025-5238-3:CNY78.00
    本书主要内容包括:氨基酸;有机酸;酶制剂;有机化工原料与产品;生物农药;医药及医药中间体;甜味剂及糖醇等。
●
相关链接 在E读中查询图书 在五车中查询图书 在当当中查询图书 在豆瓣中查询图书


正题名:生物化工新产品与新技术开发指南     索取号:TQ072/170=2         预约/预借

序号 登录号 条形码 馆藏地/架位号 状态 备注
1 0614900   206149005   第二样本阅览室/ [索取号:TQ072/170=2] 在馆    
2 0614901   206149014   第三借阅区/ [索取号:TQ072/170=2] 在馆    
3 0614902   206149023   第三借阅区/ [索取号:TQ072/170=2] 在馆    
4 0614903   206149032   第三借阅区/ [索取号:TQ072/170=2] 在馆    
唐山师范学院图书馆 欢迎您!
大连网信软件有限公司© 版权所有